Datum a čas kvízu
21
Celkem bodů
Celkový počet nahraných bodů na tomto kvízu bez doplňovacích otázek.
8.
Pořadí na kvízu
Konečné umístění týmu na tomto kvízu.
Zaznamenané odpovědi
| # | Otázka | Odpověď | Body | Výsledky |
|---|---|---|---|---|
| 1. | V pondělí proběhla na Příbrams... | v kufru dědečkova auta / v autě | 0 | |
| 2. | Na počátku minulého týdne zača... | Díválí/Diwali | 0 | |
| 3. | Na sociálních sítích se objevi... | Kim Čong-un | 0 | |
| 4. | Na Islandu byl zaznamenán prvn... | komár | 1 | |
| 5. | Kterému zimnímu sportu se věnu... | biatlonu | 1 | |
| 6. | Dnešní zeměpisné téma otevírám... | Golčův Jeníkov, Gmünd | 1 | |
| 7. | Které z následujících tvrzení... | B | 0 | |
| 8. | V další otázce bude vaším úkol... | 1D 2A 3B 4C | 0 | |
| 9. | Napište název státu obsahující... | Belgie | 0 | |
| 10. | V této koláži jsou spojené vla... | Gruzie, Guatemala | 0 |